000 01080nam a2200205Ia 4500
003 OSt
005 20241010140737.0
007 ca aa aaaaa
008 201103s9999 xx 000 0 und d
040 _cSSBUL
041 _abur
082 _223
_a၂၉၄.၃၄၃၅၀၉ စိုး
_b၉၂၃၂ S-SAT
100 0 _aစိုးရှိန်၊ ဦး (မောင်စိုးထိုက်-သုံးဆယ်)
245 1 0 _aဆံတော်ရှင် ကျိုက်ထီးရိုးစေတီတော်မြတ်ကြီးသမိုင်းစုံ /
_cဦးစိုးရှိန်(မောင်စိုးထိုက်-သုံးဆယ်)။
260 _aရန်ကုန် ၊
_bအမေ့သားထိုက်စာပေ၊
_c၂၀၀၅။
300 _a၂၅၆ စာမျက်နှာ ၊
_bဓါတ်ပုံများ ၊
_c၁၈ စင်တီ။
500 _aS-SAT: Dr. Sai Aung Tun
650 _aဆံထီးရိုးစေတီ
_vသမိုင်း
_955005
942 _2ddc
_cBK1
999 _c16696
_d16696